000 00794nac a22002297a 4500
001 BR6007667
003 BR-BrBNA
005 20240105121920.0
008 230509b bl.|||m| |||| 00| 0 por d
040 _aBR-BrBNA
_bpor
_cBiblioteca Nacional de Agricultura
072 _aE30
090 _aE30 BR6007667
110 1 _aConselho de Desenvolvimento Economico, Brasilia, DF (Brasil)
_92600
245 1 _aPrincipais decisoes (normas e programas)adotadas pelo Excelentissimo Senhor Presidente da Republica, apos apreciacao no CDE
260 3 _aBrasilia, DF (Brasil):
_c1974.
300 _a220 p.
490 _aCDE (Brazil)
_vv. 1
_x
650 _aDesenvolvimento Economico
650 _aPolitica de Desenvolvimento
909 _a202312
_bLúcia Elande
_c55
_dLúcia Elande
942 _2AGRIS
_n0
_cMS
999 _c288202
_d288202